LEADER 01506nam a2200313 i 4500 001 991000517239707536 008 040311s2003 riua b 101 0 eng d 020 $a0821832158 035 $ab12628943-39ule_inst 040 $aDip.to Matematica$beng 082 0 $a530.12$222 084 $aAMS 46L55 084 $aLC QC174.17.S36A47 111 2 $aAMS-IMS-SIAM Joint Summer research conference on advances in quantum dynamics$d<2002 ;$cMount Holyoke College>$0482221 245 10$aAdvances in quantum dynamics :$bproceedings of the AMS-IMS-SIAM Joint Summer research conference on advances in quantum dynamics, June 16-20, 2002, Mount Holyoke College, South Hadley, Massachusetts /$cGeoffrey L. Price, editor-in-chief ; B. Mitchell Baker, Palle E. T. Jorgensen, Paul S. Muhly, editors 260 $aProvidence, RI :$bAmerican Mathematical Society,$cc2003 300 $aviii, 328 p. :$bill. ;$c26 cm 440 0$aContemporary mathematics,$x0271-4132 ;$v335 504 $aIncludes bibliographical references and index 650 0$aQuantum theory$xCongresses 650 0$aSemigroups$xCongresses 650 0$aVon Neumann algebras$xCongresses 700 1 $aPrice, Geoffrey L. 907 $a.b12628943$b16-11-06$c11-03-04 912 $a991000517239707536 945 $aLE013 46L PRI11 (2003)$g1$i2013000144351$lle013$op$pE86.50$q-$rl$s- $t0$u0$v0$w0$x0$y.i13128097$z11-03-04 996 $aAdvances in quantum dynamics$9277159 997 $aUNISALENTO 998 $ale013$b11-03-04$cm$da $e-$feng$griu$h0$i1 LEADER 01838nam 2200529 a 450 001 9910778502403321 005 20230331004953.0 010 $a0-309-13252-5 010 $a1-280-20383-8 010 $a9786610203833 010 $a0-309-58318-7 010 $a0-585-14942-9 035 $a(CKB)110986584751056 035 $a(SSID)ssj0000106784 035 $a(PQKBManifestationID)11131092 035 $a(PQKBTitleCode)TC0000106784 035 $a(PQKBWorkID)10110632 035 $a(PQKB)10278883 035 $a(MiAaPQ)EBC3376241 035 $a(Au-PeEL)EBL3376241 035 $a(CaPaEBR)ebr10055268 035 $a(CaONFJC)MIL20383 035 $a(OCoLC)814274611 035 $a(EXLCZ)99110986584751056 100 $a19910305d1991 uy 0 101 0 $aeng 135 $aurcn||||||||| 181 $ctxt 182 $cc 183 $acr 200 00$aAssessment of research needs for wind turbine rotor materials technology$b[electronic resource] /$fCommittee on Assessment of Research Needs for Wind Turbine Rotor Materials Technology, Energy Engineering Board, Commission on Engineering and Technical Systems, National Research Council 210 $aWashington, D.C. $cNational Academy Press$d1991 215 $a108 p 300 $aBibliographic Level Mode of Issuance: Monograph 311 $a0-309-04479-0 320 $aIncludes bibliographical references. 606 $aWind turbines$xMaterials$xResearch$zUnited States 615 0$aWind turbines$xMaterials$xResearch 676 $a621.4/5 712 02$aNational Research Council (U.S.).$bEnergy Engineering Board. 801 0$bMiAaPQ 801 1$bMiAaPQ 801 2$bMiAaPQ 906 $aBOOK 912 $a9910778502403321 996 $aAssessment of research needs for wind turbine rotor materials technology$93805711 997 $aUNINA